Productive situation of pursat orange in banan distrct,battambang province,(ស្ថានភាពផលិតកម្មក្រូចពោធិសាត់នៅក្នុងស្រុកបាណន់ ខេត្តបាត់ដំបង) (Record no. 1064)
[ view plain ]
| 000 -LEADER | |
|---|---|
| fixed length control field | 00579nam a22001457a 4500 |
| 003 - CONTROL NUMBER IDENTIFIER | |
| control field | OSt |
| 005 - DATE AND TIME OF LATEST TRANSACTION | |
| control field | 20150922141611.0 |
| 008 - FIXED-LENGTH DATA ELEMENTS--GENERAL INFORMATION | |
| fixed length control field | 150922b xxu||||| |||| 00| 0 eng d |
| 040 ## - CATALOGING SOURCE | |
| Transcribing agency | RUA |
| 082 ## - DEWEY DECIMAL CLASSIFICATION NUMBER | |
| Classification number | AGR SON 2007 B035 Or.1 |
| 100 ## - MAIN ENTRY--PERSONAL NAME | |
| 9 (RLIN) | 1112 |
| Personal name | SONG MAKARA |
| 245 ## - TITLE STATEMENT | |
| Title | Productive situation of pursat orange in banan distrct,battambang province,(ស្ថានភាពផលិតកម្មក្រូចពោធិសាត់នៅក្នុងស្រុកបាណន់ ខេត្តបាត់ដំបង) |
| 300 ## - PHYSICAL DESCRIPTION | |
| Extent | xi,52p. |
| Dimensions | ill. |
| Size of unit | 29cm. |
| 942 ## - ADDED ENTRY ELEMENTS (KOHA) | |
| Source of classification or shelving scheme | |
| Koha item type | AGR |
| Price effective from | Date last seen | Permanent Location | Not for loan | Date acquired | Source of classification or shelving scheme | Koha item type | Lost status | Withdrawn status | Date last checked out | Total Checkouts | Shelving location | Damaged status | Barcode | Current Location | Full call number |
|---|---|---|---|---|---|---|---|---|---|---|---|---|---|---|---|
| 2015-09-22 | 2016-07-27 | Library Block B | 2015-09-22 | AGR | 2016-07-08 | 1 | B035 | RUA002874 | Library Block B | AGR SON 2007 B035 Or.1 | |||||
| 2015-09-22 | 2015-09-22 | Library Block B | 2015-09-22 | AGR | B035 | RUA008657 | Library Block B | AGR SON 2007 B035 Or.2 | |||||||
| 2018-12-21 | 2019-11-26 | Library Block B | 2018-12-21 | AGR | 2019-11-18 | 1 | B1.194 | A41504 | Library Block B | AGR SON 2007 B1.194 Or.1 | |||||
| 2018-12-21 | 2022-12-21 | Library Block B | 2018-12-21 | AGR | 2022-11-23 | 1 | B1.194 | A41662 | Library Block B | AGR SON 2007 B1.194 Or.1 | |||||
| 2019-01-21 | 2025-08-07 | Library Block B | 2019-01-21 | AGR | 2025-07-21 | 1 | B1.210 | A41657 | Library Block B | AGR SON 2007 B1.210 Or.1 |